<?xml version="1.0" encoding="UTF-8"?>
<record
    xmlns:xsi="http://www.w3.org/2001/XMLSchema-instance"
    xsi:schemaLocation="http://www.loc.gov/MARC21/slim http://www.loc.gov/standards/marcxml/schema/MARC21slim.xsd"
    xmlns="http://www.loc.gov/MARC21/slim">

  <leader>00547nam a22001577a 4500</leader>
  <controlfield tag="003">OSt</controlfield>
  <controlfield tag="005">20150908113115.0</controlfield>
  <controlfield tag="008">150908b        xxu||||| |||| 00| 0 eng d</controlfield>
  <datafield tag="040" ind1=" " ind2=" ">
    <subfield code="c">RUA</subfield>
  </datafield>
  <datafield tag="082" ind1=" " ind2=" ">
    <subfield code="a">AGR &#x179F;&#x17D2;&#x179A;&#x17CA;&#x17BB;&#x1793; 1992 B005 Or.1</subfield>
  </datafield>
  <datafield tag="100" ind1=" " ind2=" ">
    <subfield code="9">143</subfield>
    <subfield code="a">&#x179F;&#x17D2;&#x179A;&#x17CA;&#x17BB;&#x1793; &#x17A2;&#x17CA;&#x17B8;&#x1798;</subfield>
  </datafield>
  <datafield tag="245" ind1=" " ind2=" ">
    <subfield code="a">&#x179B;&#x1780;&#x17D2;&#x1781;&#x178E;&#x17C8;&#x1792;&#x17D2;&#x179C;&#x17BE;&#x179F;&#x17D2;&#x179A;&#x17C2;&#x1785;&#x17C6;&#x179A;&#x17BB;&#x17C7;&#x1793;&#x17B7;&#x1784;&#x1780;&#x17B6;&#x179A;&#x1785;&#x17B7;&#x1789;&#x17D2;&#x1785;&#x17B9;&#x1798;&#x178F;&#x17D2;&#x179A;&#x17B8;&#x178F;&#x17B6;&#x1798;&#x1780;&#x179F;&#x17B7;&#x1780;&#x1798;&#x17D2;&#x1798;&#x179F;&#x1798;&#x179F;&#x17D2;&#x179A;&#x1794;</subfield>
  </datafield>
  <datafield tag="260" ind1=" " ind2=" ">
    <subfield code="a">Phnom Penh </subfield>
    <subfield code="b">RUA</subfield>
    <subfield code="c">1992</subfield>
  </datafield>
  <datafield tag="300" ind1=" " ind2=" ">
    <subfield code="a">43p.</subfield>
    <subfield code="b">ill.</subfield>
    <subfield code="c">29cm.</subfield>
  </datafield>
  <datafield tag="942" ind1=" " ind2=" ">
    <subfield code="2">ddc</subfield>
    <subfield code="c">AGR</subfield>
  </datafield>
  <datafield tag="999" ind1=" " ind2=" ">
    <subfield code="c">125</subfield>
    <subfield code="d">125</subfield>
  </datafield>
  <datafield tag="952" ind1=" " ind2=" ">
    <subfield code="0">0</subfield>
    <subfield code="1">0</subfield>
    <subfield code="2">ddc</subfield>
    <subfield code="4">0</subfield>
    <subfield code="6">AGR_&#x179F;&#x179A;&#x17BB;&#x1793;_1992_000000000000000_B005_OR_1</subfield>
    <subfield code="7">0</subfield>
    <subfield code="9">357</subfield>
    <subfield code="a">LBB</subfield>
    <subfield code="b">LBB</subfield>
    <subfield code="c">B005</subfield>
    <subfield code="d">2015-09-08</subfield>
    <subfield code="l">3</subfield>
    <subfield code="o">AGR &#x179F;&#x17D2;&#x179A;&#x17CA;&#x17BB;&#x1793; 1992 B005 Or.1</subfield>
    <subfield code="p">RUA004251</subfield>
    <subfield code="r">2018-06-29</subfield>
    <subfield code="s">2018-06-25</subfield>
    <subfield code="w">2015-09-08</subfield>
    <subfield code="y">AGR</subfield>
  </datafield>
  <datafield tag="952" ind1=" " ind2=" ">
    <subfield code="0">0</subfield>
    <subfield code="1">0</subfield>
    <subfield code="2">ddc</subfield>
    <subfield code="4">0</subfield>
    <subfield code="6">AGR_&#x179F;&#x179A;&#x17BB;&#x1793;_1992_000000000000000_B005_OR_2</subfield>
    <subfield code="7">0</subfield>
    <subfield code="9">358</subfield>
    <subfield code="a">LBB</subfield>
    <subfield code="b">LBB</subfield>
    <subfield code="c">B005</subfield>
    <subfield code="d">2015-09-08</subfield>
    <subfield code="o">AGR &#x179F;&#x17D2;&#x179A;&#x17CA;&#x17BB;&#x1793; 1992 B005 Or.2</subfield>
    <subfield code="p">RUA004103</subfield>
    <subfield code="r">2015-09-08</subfield>
    <subfield code="w">2015-09-08</subfield>
    <subfield code="y">AGR</subfield>
  </datafield>
  <datafield tag="952" ind1=" " ind2=" ">
    <subfield code="0">0</subfield>
    <subfield code="1">0</subfield>
    <subfield code="2">ddc</subfield>
    <subfield code="4">0</subfield>
    <subfield code="6">AGR_&#x179F;&#x179A;&#x17BB;&#x1793;_1992_000000000000000_B005_OR_3</subfield>
    <subfield code="7">0</subfield>
    <subfield code="9">359</subfield>
    <subfield code="a">LBB</subfield>
    <subfield code="b">LBB</subfield>
    <subfield code="c">B005</subfield>
    <subfield code="d">2015-09-08</subfield>
    <subfield code="o">AGR &#x179F;&#x17D2;&#x179A;&#x17CA;&#x17BB;&#x1793; 1992 B005 Or.3</subfield>
    <subfield code="p">RUA004252</subfield>
    <subfield code="r">2015-09-08</subfield>
    <subfield code="w">2015-09-08</subfield>
    <subfield code="y">AGR</subfield>
  </datafield>
  <datafield tag="952" ind1=" " ind2=" ">
    <subfield code="0">0</subfield>
    <subfield code="1">0</subfield>
    <subfield code="2">ddc</subfield>
    <subfield code="4">0</subfield>
    <subfield code="6">AGR_&#x179F;&#x179A;&#x17BB;&#x1793;_1992_000000000000000_B005_OR_4</subfield>
    <subfield code="7">0</subfield>
    <subfield code="9">360</subfield>
    <subfield code="a">LBB</subfield>
    <subfield code="b">LBB</subfield>
    <subfield code="c">B005</subfield>
    <subfield code="d">2015-09-08</subfield>
    <subfield code="o">AGR &#x179F;&#x17D2;&#x179A;&#x17CA;&#x17BB;&#x1793; 1992 B005 Or.4</subfield>
    <subfield code="p">RUA004325</subfield>
    <subfield code="r">2015-09-08</subfield>
    <subfield code="w">2015-09-08</subfield>
    <subfield code="y">AGR</subfield>
  </datafield>
  <datafield tag="952" ind1=" " ind2=" ">
    <subfield code="0">0</subfield>
    <subfield code="1">0</subfield>
    <subfield code="2">ddc</subfield>
    <subfield code="4">0</subfield>
    <subfield code="6">AGR_&#x179F;&#x179A;&#x17BB;&#x1793;_1992_000000000000000_B005_OR_5</subfield>
    <subfield code="7">0</subfield>
    <subfield code="9">361</subfield>
    <subfield code="a">LBB</subfield>
    <subfield code="b">LBB</subfield>
    <subfield code="c">B005</subfield>
    <subfield code="d">2015-09-08</subfield>
    <subfield code="l">2</subfield>
    <subfield code="o">AGR &#x179F;&#x17D2;&#x179A;&#x17CA;&#x17BB;&#x1793; 1992 B005 Or.5</subfield>
    <subfield code="p">RUA004469</subfield>
    <subfield code="r">2023-10-18</subfield>
    <subfield code="s">2023-09-18</subfield>
    <subfield code="w">2015-09-08</subfield>
    <subfield code="y">AGR</subfield>
  </datafield>
  <datafield tag="952" ind1=" " ind2=" ">
    <subfield code="0">0</subfield>
    <subfield code="1">0</subfield>
    <subfield code="2">ddc</subfield>
    <subfield code="4">0</subfield>
    <subfield code="6">AGR_&#x179F;&#x179A;&#x17BB;&#x1793;_1992_000000000000000_B005_OR_6</subfield>
    <subfield code="7">0</subfield>
    <subfield code="9">362</subfield>
    <subfield code="a">LBB</subfield>
    <subfield code="b">LBB</subfield>
    <subfield code="c">B005</subfield>
    <subfield code="d">2015-09-08</subfield>
    <subfield code="l">1</subfield>
    <subfield code="o">AGR &#x179F;&#x17D2;&#x179A;&#x17CA;&#x17BB;&#x1793; 1992 B005 Or.6</subfield>
    <subfield code="p">RUA004397</subfield>
    <subfield code="r">2019-08-13</subfield>
    <subfield code="s">2019-07-30</subfield>
    <subfield code="w">2015-09-08</subfield>
    <subfield code="y">AGR</subfield>
  </datafield>
  <datafield tag="952" ind1=" " ind2=" ">
    <subfield code="0">0</subfield>
    <subfield code="1">0</subfield>
    <subfield code="2">ddc</subfield>
    <subfield code="4">0</subfield>
    <subfield code="6">AGR_&#x179F;&#x179A;&#x17BB;&#x1793;_1992_000000000000000_B005_OR_7</subfield>
    <subfield code="7">0</subfield>
    <subfield code="9">363</subfield>
    <subfield code="a">LBB</subfield>
    <subfield code="b">LBB</subfield>
    <subfield code="c">B005</subfield>
    <subfield code="d">2015-09-08</subfield>
    <subfield code="l">2</subfield>
    <subfield code="o">AGR &#x179F;&#x17D2;&#x179A;&#x17CA;&#x17BB;&#x1793; 1992 B005 Or.7</subfield>
    <subfield code="p">RUA004109</subfield>
    <subfield code="r">2026-03-30</subfield>
    <subfield code="s">2026-03-26</subfield>
    <subfield code="w">2015-09-08</subfield>
    <subfield code="y">AGR</subfield>
  </datafield>
  <datafield tag="952" ind1=" " ind2=" ">
    <subfield code="0">0</subfield>
    <subfield code="1">0</subfield>
    <subfield code="2">ddc</subfield>
    <subfield code="4">0</subfield>
    <subfield code="6">AGR_&#x179F;&#x179A;&#x17BB;&#x1793;_1992_000000000000000_B005_OR_8</subfield>
    <subfield code="7">0</subfield>
    <subfield code="9">364</subfield>
    <subfield code="a">LBB</subfield>
    <subfield code="b">LBB</subfield>
    <subfield code="c">B005</subfield>
    <subfield code="d">2015-09-08</subfield>
    <subfield code="l">2</subfield>
    <subfield code="o">AGR &#x179F;&#x17D2;&#x179A;&#x17CA;&#x17BB;&#x1793; 1992 B005 Or.8</subfield>
    <subfield code="p">RUA004253</subfield>
    <subfield code="r">2017-01-25</subfield>
    <subfield code="s">2016-06-30</subfield>
    <subfield code="w">2015-09-08</subfield>
    <subfield code="y">AGR</subfield>
  </datafield>
  <datafield tag="952" ind1=" " ind2=" ">
    <subfield code="0">0</subfield>
    <subfield code="1">0</subfield>
    <subfield code="2">ddc</subfield>
    <subfield code="4">0</subfield>
    <subfield code="6">AGR_&#x179F;&#x179A;&#x17BB;&#x1793;_1992_000000000000000_B005_OR_9</subfield>
    <subfield code="7">0</subfield>
    <subfield code="9">365</subfield>
    <subfield code="a">LBB</subfield>
    <subfield code="b">LBB</subfield>
    <subfield code="c">B005</subfield>
    <subfield code="d">2015-09-08</subfield>
    <subfield code="l">1</subfield>
    <subfield code="o">AGR &#x179F;&#x17D2;&#x179A;&#x17CA;&#x17BB;&#x1793; 1992 B005 Or.9</subfield>
    <subfield code="p">RUA004108</subfield>
    <subfield code="r">2016-08-03</subfield>
    <subfield code="s">2016-08-03</subfield>
    <subfield code="w">2015-09-08</subfield>
    <subfield code="y">AGR</subfield>
  </datafield>
</record>
